|
|
|
|
| LEADER |
00000nam0a2200000 4500 |
| 001 |
376145 |
| 005 |
20231102012809.0 |
| 035 |
|
|
|a (RuTPU)RU\TPU\retro\33585
|
| 035 |
|
|
|a RU\TPU\book\227446
|
| 090 |
|
|
|a 376145
|
| 100 |
|
|
|a 20221221d1964 km y0rusy50 ca
|
| 101 |
0 |
|
|a rus
|
| 102 |
|
|
|a RU
|
| 105 |
|
|
|a a z 001zy
|
| 200 |
1 |
|
|a Цветная металлография в видимых и ультрафиолетовых лучах
|f Л. П. Зайцева, Т. Г. Порохова
|
| 210 |
|
|
|a Москва
|c Металлургия
|d 1964
|
| 215 |
|
|
|a 145 с.
|c ил.
|
| 320 |
|
|
|a Библиогр.: с. 142-143.
|
| 606 |
1 |
|
|a Металлография высокотемпературная
|2 stltpush
|3 (RuTPU)RU\TPU\subj\42417
|9 62084
|
| 610 |
1 |
|
|a цветная металлография
|
| 610 |
1 |
|
|a цветная трансформация
|
| 610 |
1 |
|
|a металлографический анализ
|
| 610 |
1 |
|
|a аппаратура
|
| 610 |
1 |
|
|a черные металлы
|
| 610 |
1 |
|
|a черные сплавы
|
| 610 |
1 |
|
|a структура
|
| 610 |
1 |
|
|a исследование
|
| 610 |
1 |
|
|a цветные металлы
|
| 610 |
1 |
|
|a цветные сплавы
|
| 610 |
1 |
|
|a неметаллические включения
|
| 610 |
1 |
|
|a шлифы
|
| 610 |
1 |
|
|a фотографирование
|
| 610 |
1 |
|
|a видимые лучи
|
| 610 |
1 |
|
|a невидимые лучи
|
| 675 |
|
|
|a 669:620.18
|v 3
|
| 700 |
|
1 |
|a Зайцева
|b Л. П.
|g Лидия Павловна
|
| 701 |
|
1 |
|a Порохова
|b Т. Г.
|g Татьяна Григорьевна
|
| 801 |
|
1 |
|a RU
|b 63413507
|c 20120202
|
| 801 |
|
2 |
|a RU
|b 63413507
|c 20221221
|g RCR
|
| 942 |
|
|
|c BK
|